Vè chống pháp Thất thủ kinh đô Thất thủ Thuận An ( 1883 - 1885 )

Gardado en:
Detalles Bibliográficos
Outros autores: Lương An (sưu tầm, chỉnh lý và giới thiệu)
Formato: Libro
Idioma:Vietnamese
Publicado: Huế Thuận Hóa 1983
Series:Văn học dân gian Bình Trị Thiên
Những chủ đề:
Các nhãn: Engadir etiqueta
Sen Etiquetas, Sexa o primeiro en etiquetar este rexistro!
Thư viện lưu trữ: Mạng thư viện Đại học Đà Nẵng
LEADER 01281nam a2200361 4500
001 000005462
003 1606
005 20110822080824.0
008 110816s1983 viesd
020 |c 6000đ 
041 0 |a vie 
082 |a 398.8  |b VEC 
245 0 |a Vè chống pháp Thất thủ kinh đô Thất thủ Thuận An ( 1883 - 1885 )  |c Lương An sưu tầm, chỉnh lý và giới thiệu 
260 |a Huế  |b Thuận Hóa  |c 1983 
300 |a 168 tr  |c 19 cm 
490 |a Văn học dân gian Bình Trị Thiên 
500 |a Tài liệu tham khảo trang: 167 
653 |a Nghiên cứu văn học 
653 |a Vè chống Pháp 
653 |a Thất thủ 
653 |a Kinh đô 
700 |a Lương An  |e sưu tầm, chỉnh lý và giới thiệu 
910 |a Nguyễn Thị Kim Oanh  |d 16/08/2011 
OWN |a LSP 
AVA |a UDN50  |b LSP  |d 398.8 VEC  |e unavailable  |t Error 5002 Not defined in file expand_doc_bib_avail.  |f 2  |g 2  |h N  |i 0  |k 1 
999 |a From the UDN01 
AVA |a UDN50  |b LSP  |d 398.8 VEC  |e unavailable  |t Error 5002 Not defined in file expand_doc_bib_avail.  |f 2  |g 2  |h N  |i 0  |k 1 
TYP |a Monograph 
TYP |a Printed language 
980 |a Mạng thư viện Đại học Đà Nẵng